00721nam a2200217 i 4500001000300000003000900003005001700012008004100029015001800070040003500088080001000123100004400133245005700177250001500234260005600249300002600305380001700331650001500348710004200363856009800405bgKOSZ 00520200630132824.0990506s1968 pl f 000 0 pol d aPB 1968/10716 aWA NcKOSZ 005/RWdKOSZ 005/RW a37.011 aSuchodolski, Bogdand(1903-1992)eAutor10aWychowanie dla przyszłości /cBogdan Suchodolski. aWyd. 3 zm. aWarszawa :bPaństwowe Wydawnictwo Naukowe,c1968. a464, [3] s. ;c25 cm. aKsiążki. 4aWychowanie2 aPaństwowe Wydawnictwo Naukowe4pbl. uhttp://koha.tu.koszalin.pl/cgi-bin/koha/opac-detail.pl?biblionumber=11594yKatalog online BPK